Salta al contenuto

Расчёт механизма подъёма груза методические рекомендации для студентов 1-3 курсов дневной и заочной форм обучения по направлениям подготовки: 43.03.01 «сервис», профиль: «сервис транспортных средств», «сервис инженерных систем гостинично-туристских комплексов и спортивных сооружений», 08.03.01 «строительство», профиль «городское строительство и хозяйство», 07.03.01 «архитектура», профиль «архитектурное проектирование»

Устойчивый ритм любого производства обеспечивается согласованной и безотказной работой разнообразных подъемно-транспортных машин и механизмов. В подготовке инженеров выполнение расчётов объектов ПТМ и М, удобно для практического использования полученных ранее знаний из общенаучного и общеинженерного...

Descrizione completa

Salvato in:
Dettagli Bibliografici
Autore principale: Малышев А. В.
Natura: Книга
Lingua:Russian
Pubblicazione: Сочи СГУ 2024
Accesso online:https://e.lanbook.com/book/492821
https://e.lanbook.com/img/cover/book/492821.jpg
Tags: Aggiungi Tag
Nessun Tag, puoi essere il primo ad aggiungerne! !
LEADER 03068nam0a2200253 i 4500
001 492821
003 RuSpLAN
005 20250623114414.0
008 250623s2024 ru gs 000 0 rus
040 |a RuSpLAN 
041 0 |a rus 
044 |a ru 
080 |a 621.81 
245 0 0 |a Расчёт механизма подъёма груза  |b методические рекомендации для студентов 1-3 курсов дневной и заочной форм обучения по направлениям подготовки: 43.03.01 «сервис», профиль: «сервис транспортных средств», «сервис инженерных систем гостинично-туристских комплексов и спортивных сооружений», 08.03.01 «строительство», профиль «городское строительство и хозяйство», 07.03.01 «архитектура», профиль «архитектурное проектирование»  |c Малышев А. В. 
260 |a Сочи  |b СГУ  |c 2024 
300 |a 36 с. 
504 |a Библиогр.: доступна в карточке книги, на сайте ЭБС Лань 
520 8 |a Устойчивый ритм любого производства обеспечивается согласованной и безотказной работой разнообразных подъемно-транспортных машин и механизмов. В подготовке инженеров выполнение расчётов объектов ПТМ и М, удобно для практического использования полученных ранее знаний из общенаучного и общеинженерного циклов и, во-вторых, решается комплексная задача конструирования, так как объектом проектирования является не отдельный узел, как в машиноведении, а машина в целом. В методических рекомендациях использованы практические инженерные расчеты механизмов ПТМ и М (механизмы подъема груза, передвижения и поворота) с небольшими упрощениями в некоторых особо сложных случаях Соответствуют программе курсов «Общая электротехника и электроснабжение, вертикальный транспорт» для студентов факультета ФИиЦТ 
521 8 |a Книга из коллекции СГУ - Инженерно-технические науки 
521 8 |a СЭБ 
100 1 |a Малышев А. В. 
856 4 |u https://e.lanbook.com/book/492821 
856 4 8 |u https://e.lanbook.com/img/cover/book/492821.jpg 
953 |a https://e.lanbook.com/img/cover/book/492821.jpg 
Cannot write session to /tmp/vufind_sessions/sess_e5cai9tpbi8l10u6pnku3m4p0m